| 000 | 00741nam a22002537a 4500 | ||
|---|---|---|---|
| 001 | 0011725 | ||
| 003 | DO-SdBNP | ||
| 005 | 20180212093802.0 | ||
| 007 | 0011725 | ||
| 008 | 161104b 1997 ve ||||| |||| 00| 0 spa d | ||
| 020 | _a9800104070 | ||
| 040 |
_aBPMSU _bspa _cBPMSU |
||
| 100 | 1 | _aCardona, Miguel | |
| 245 | 1 |
_aAlgunos juegos de los niños de venezuela _cMiguel Cardona ; prólogo María Elena Maggi |
|
| 250 | _a2a ed. | ||
| 260 |
_aVenezuela : _bMonte Ávila Editores Latinoamericana, _c1997. |
||
| 300 |
_a105 p. : _bil. ; _c20 cm. |
||
| 490 | 1 | _aManuales | |
| 700 | 1 |
_aMaggi, María Elena, _epról. |
|
| 830 | 0 | _aManuales | |
| 942 |
_2ddc _cBK |
||
| 945 | _aInventariado, 2018 /LP | ||
| 956 |
_aBTAVÁREZ _b10 _c20161104 _d0011725 |
||
| 999 |
_c11795 _d11795 |
||